El feo, el bobo y el malo / (Registro nro. 12468)

Detalles MARC
000 -LIDER
fixed length control field 00861nam a22002897a 4500
003 - IDENTIFICACDOR DE NÚMERO DE CONTROL
control field DO-SdBNP
005 - DATE AND TIME OF LATEST TRANSACTION
control field 20180221095150.0
008 - ELEMENTOS DE LONGITUD FIJA
fixed length control field 160718 2001 sp a spa d
020 ## - ISBN
International Standard Book Number 8421610465
040 ## - FUENTE DE CATALOGACIÓN
Agencia que crea de manera original el registro BPMSU
Idioma de catalogación spa
Agencia que realiza la transcripción BPMSU
092 ## - LOCALLY ASSIGNED DEWEY DECIMAL CALL NUMBER
Número de clasificación xxxxx
Número de ítem (Cutter) xxxxx
100 1# - ASIENTO PRINCIPAL -- NOMBRE PERSONAL
Nombre personal Muñoz, Juan
245 13 - MENCIÓN DE TITULO
Título El feo, el bobo y el malo /
Mención de responsabilidad Juan Muñoz ; ilustraciones Víctor Moreno
250 ## - MENCIÓN DE EDICION
Mención de edición 12a. ed.
260 ## - PUBLICACIÓN, DISTRIBUCIÓN, ETC. (PIE DE IMPRENTA)
Lugar de publicación, distribución, etc Madrid :
Nombre del editor, distribuidor, etc. Bruño,
Fecha de publicación, distribución, etc 2001.
300 ## - DESCRIPCIÓN FÍSICA
Extensión 153 p. :
Otros detalles físicos il. ;
Dimensiones 19 cm.
490 0# - MENCIÓN DE SERIES
Mención de serie Alta mar
500 ## - NOTA GENERAL
Nota general Incluye datos biográficos del autor.
521 ## - TARGET AUDIENCE NOTE
Target audience note A partir de 10 años.
586 ## - AWARDS NOTE
Awards note Premio Doncel de cuento infantil.
586 ## - AWARDS NOTE
Awards note Premios El Barco de Vapor y Complutense.
700 12 - ASIENTO SECUNDARIO -- NOMBRE PERSONAL
Nombre personal Moreno, Víctor
Mención de responsabilidad il.
830 #0 - ASIENTO SECUNDARIO DE SERIE--TÍTULO UNIFORME
Título uniforme Alta mar
Número de la parte o sección de una obra 4
942 ## - ADDED ENTRY ELEMENTS (KOHA)
Source of classification or shelving scheme Dewey Decimal Classification
Koha item type Libros
945 ## - INFORMACIÓN DE PROCESAMIENTO LOCAL
Información de procesamiento local inventariado, 2018 / dg
956 ## - LOCAL ELECTRONIC LOCATION AND ACCESS (OCLC)
Método de acceso YLOCKWARD
Materiales especificados 10
Campo enlazado y núm. de secuencia BPMSU
Nombre de host 00144
Existencias
Withdrawn status Lost status Source of classification or shelving scheme Damaged status Not for loan Collection code Home library Current library Date acquired Source of acquisition Total Checkouts Barcode Date last seen Price effective from Koha item type
    Dewey Decimal Classification     Colección Infantil General Biblioteca Pública Metropolitana Salomé Ureña Biblioteca Pública Metropolitana Salomé Ureña 01/16/2017 Donado por Fundi   BPMSU17010048 01/16/2017 01/16/2017 Libros